[Event "FIDE Candidates"]
[Site "Khanty-Mansiysk"]
[Date "2014.03.29"]
[Round "13"]
[White "Andreikin, Dmitry"]
[Black "Aronian, Levon"]
[Result "1-0"]
[WhiteElo "2709"]
[BlackElo "2830"]
[Annotator "Andreikin,D"]
[PlyCount "87"]
[EventDate "2014.03.13"]
[EventType "tourn"]
[EventRounds "14"]
[EventCountry "RUS"]
[EventCategory "21"]
[SourceTitle "CBM 160"]
[Source "ChessBase"]
[SourceDate "2014.05.15"]
[SourceVersion "1"]
[SourceVersionDate "2014.05.15"]
[SourceQuality "1"]

1. d4 Nf6 2. Bg5 {After my miraculous escape in the previous round's game with
Anand, fate gave me a chance to fight for a higher position and prize. I had
nowhere to retreat. I had -1 and was sharing 3rd-8th place and this was the
last round. I decided to fight to the end. I had successfully used the
Trompowsky Opening during the Chess World Cup 2013, but decided to extend my
repertoire of classical openings. Now I don't know whether it was a good or
bad idea.} g6 {A nice surprise.} ({Recently Levon applied the original scheme} 
2... d5 3. e3 Nbd7 $5 {a rare move} 4. Nf3 h6 5. Bf4 g5 6. Bg3 Ne4 {
Rapport-Aronian 2014.}) 3. Bxf6 exf6 4. c4 {This move is necessary, otherwise
Black plays d7-d5.} Bb4+ {The black bishop joins the game immediately.} ({
Another setup looks more logical:} 4... f5 5. Nc3 Bg7 6. e3 O-O 7. g3 d6 8. Bg2
Nd7 9. Nge2 Nf6 10. O-O c6 11. b4 {White creates play on the queenside and
receives a small, but stable advantage.}) 5. Nd2 {I did not want to spoil the
pawn structure.} ({After} 5. Nc3 Bxc3+ 6. bxc3 f5 7. g3 d6 8. Bg2 Nd7 9. Nh3
Nf6 10. Nf4 {the position is almost equal.}) 5... c5 {I can't call this move a
mistake, but it doesn't look correct; it looks as if from this point on the
game was about one of two results. The Trompowsky again had not disappointed
me :)} 6. a3 {The potentially dangerous bishop should be exchanged right now.}
Bxd2+ 7. Qxd2 cxd4 8. Nf3 Nc6 {Black is unable to fully exchange the pawn
centre:} (8... d5 9. c5 $1 O-O 10. Nxd4 $16 {This pawn structure looks fatal
for Black.}) 9. Nxd4 Nxd4 10. Qxd4 Qa5+ 11. b4 Qe5 {Some of the previous moves
had been made automatically, and now it was time to think properly. Black
still has a very safe position. White has few pieces which can be used to put
pressure on his opponent's weakened centre. Also, there is a risk that if the
opponent comfortably places his pawns on the dark squares, playing d7-d6 and
b7-b6, then my light-squared bishop will be out of work for a long time.} 12.
O-O-O $5 {I like this idea. It is clear that White's main hope is associated
with play on the queenside, so, using castling, the king is sent there. Before
making this move, I made sure that I could execute it according to the rules.
I did't want to finish the tournament having blundered the queen and the rook
at the same time :)} a5 {Black wants to locate my pawns on "unprofitable"
white squares, or to activate the rook on a8.} 13. b5 {I had a pleasant choice
either to make a move or to exchange the queens:} (13. Qxe5+ $5 fxe5 14. b5 {
the black pawn has got stuck on d7. It is difficult to say in whose favour it
is. The computer suggests that Black sacrifice a pawn.} b6 $5 15. Rd5 f6 16.
Rd6 Rb8 17. Rxf6 Ke7 18. Rf3 d5 $1 $44 {This position is approximately equal,
but White does not feel so comfortable.}) 13... d6 {I underestimated this move,
although Black didn't have a better alternative.} ({Deep in my heart I was
hoping for} 13... Ke7 14. c5 Rd8 15. Qd6+ Ke8 16. Rd3 Qa1+ 17. Kd2 Qa2+ 18. Ke3
Qe6+ 19. Kd4 $18) 14. Qxe5+ {If White plays to win, this move should be
recognised as the only one. Unfortunately, you can't get a pawn majority on
the queenside any other way.} (14. e3 Ke7 $1 15. f4 Qc5 $1 16. Kb2 Be6 17. Qxc5
dxc5 $11 {You can settle for a draw.}) 14... dxe5 15. g3 {This idea with the
activation of the bishop along the main diagonal should be foreseen.} ({
Otherwise White can get a worse position:} 15. Kb2 $6 Be6 16. e3 Rc8 17. Kb3
Ke7 18. Be2 Rc5 19. a4 Rhc8 20. Rc1 b6 {White's pawn majority became a
weakness, and the black infantry has the resources to attack on the kingside.})
15... Be6 ({To build barricades against the white bishop isn't possible:} 15...
f5 16. Bg2 e4 17. f3 Be6 18. Rd4 Ke7 19. fxe4 Rac8 20. exf5 Bxc4 21. Kd2 Bxb5
22. Bxb7 {White's advantage has acquired material form.}) 16. Bg2 Bxc4 $6 {
An error associated with a particular miscalculation.} ({It would be more
natural and stronger be to bring the rook into play:} 16... Rc8 $1 17. Kb2 {
During the game I thought that this move of the king was a very powerful
resource. In fact, it only leads to a transposition of moves.} Ke7 $1 18. Bxb7
Rxc4 {White can not safely move the bishop on c6, because of the ligament
along the b-line.} 19. Bd5 $5 Bxd5 20. Rxd5 Rhc8 21. Rhd1 Rc2+ 22. Kb3 R8c4 $1
{With this move Black keeps the balance. If you do not know about it, the
ending with the remote b-pawn looks very optimistic for White.} 23. Rd7+ Kf8
24. Ra7 R2c3+ 25. Kb2 Rc2+ 26. Kb3 $11) 17. Bxb7 Rb8 18. Bc6+ Kf8 19. a4 Bb3
20. Kb2 $1 {After the game Levon said that he had blundered this opportunity,
making his 16th move. Of course, to find and execute such ideas is very nice.
I was sure that my position is close to winning.} Bxa4 $2 {In fact, this move
is the decisive mistake. Black had to accept the gift and then adjust the
interaction of the pieces:} (20... Bxd1 $1 21. Rxd1 Ke7 22. Rd7+ Ke6 23. Kc3
Rhd8 24. Ra7 Rd1 25. Rxa5 Rc1+ 26. Kd2 Ra1 27. Ra7 Rd8+ 28. Kc3 Rd4 29. a5 Raa4
$11 {Next the a4-rook checks on the 4th rank. This is one of the possible
"traps" for the white king. Anyway, the white a- and b-pawns were a visual
rather than a real threat in this ending.}) 21. Rd5 Ke7 22. Ka3 {However, it
is impossible to trap the black bishop, but White's position is winning.} (22.
Ra1 $2 Rhc8 23. Ka3 (23. Rxa4 Rxc6 $11) 23... Bb3 $1 24. Rd7+ Kf8 25. Rb1 a4
$11) 22... Bc2 23. Rd7+ {I need to push the king back to the 8th rank.} Kf8 (
23... Ke6 $2 24. Rc1 Be4 25. Rc7 Bxc6 26. R1xc6+ Kf5 27. b6 $18) 24. e4 $6 {
I spent about half of the remaining 20 minutes on this move. Unfortunately, of
all varieties I chose the worst one. I can not say that I was delighted with
the computer solution in this position:} (24. Bd5 $6 Rxb5 25. Rc1 Rxd5 26. Rxd5
Bf5 27. Rd8+ Kg7 28. Rxh8 Kxh8 29. Ka4 {I am not at all sure how to evaluate
this position. In my opinion, the best way to victory was found at the press
conference immediately after the game:}) (24. Rc1 $1 Bf5 25. Ra7 Kg7 26. Rd1 $1
{An important move! You can't allow the black rook to capture the d-file.} Rhc8
27. Rd6 $18 {the white king enters the game and the b-pawn determines the
outcome of the game. Such a position is won easily. Black has no active ideas.
Even in severe time pressure it is almost impossible to make a mistake here.})
24... a4 {This is harder than another attempt to release the bishop:} (24... f5
$6 25. Rc1 Bxe4 26. Bxe4 fxe4 27. Ka4 Kg7 28. Rc6 $1 $18 {Black can not
exchange the rooks and the white pawn calmly goes to b7.}) 25. Rc1 Bb3 26. Bd5
$6 {Another doubtful solution. I overestimated my position in the rook ending
thinking that the active king and passed pawn easily ends the game. I should
have been keeping in mind that two pawns are better than one.} ({After} 26. Rc5
$1 Kg7 27. Bd5 Bxd5 28. exd5 {Black can hardly stop these two pawns.}) 26...
Bxd5 27. Rxd5 Kg7 28. Rc7 Rb6 29. Rc6 Rb7 30. Kxa4 {First I didn't plan to
take this pawn. I thought I could neutralise the black rooks' activity by
moving the b-pawn further forward. But time passed, and I couldn't find a
precise positioning of my pieces. I had to go to plan B - my king was forced
to do all the work himself.} (30. b6 Ra8 31. g4 Ra6 32. Rdd6 {White has the
initiative, but I can not see how to achieve progress.}) 30... Ra8+ 31. Ra6 Rc8
32. b6 $2 {This move loses victory.} ({The cute rook manoeuvre never entered
my head} 32. Rad6 $3 $18 {I will not give super-long options, White must win
here.}) 32... Rc2 33. Kb5 Rxf2 $4 {Levon made this move quickly.} ({Of course
I saw the right move} 33... Rb8 $1 $11 {but being pressed for time I didn't
know what to do in response to it. The analysis shows that Black makes a draw
in all variations} 34. Rd1 Rxf2 35. Rb1 f5 $1 36. exf5 e4 37. fxg6 hxg6 38.
Raa1 e3 39. Ka6 Ra8+ 40. Kb7 Rxa1 41. Rxa1 Rd2 42. Kc8 e2 43. b7 Rd1 44. b8=Q
e1=Q 45. Rxd1 Qxd1 $11) 34. Kc6 Re7 35. Raa5 $1 $18 {Levon confessed, that he
had blundered by not seeingthis move. Now the white king is protected from
checks and nothing can prevent it from accomplishing its mission! I am pleased
that having about 1 minutes for 5 moves I managed to find this idea.} Re6+ 36.
Rd6 Re7 37. Rdd5 {I repeated moves before the final march of the king. Black
has large material losses, the next part of the game does not need comments.}
Re6+ 38. Kc7 Re7+ 39. Kc8 Re8+ 40. Kd7 Kf8 41. b7 Re7+ 42. Kc6 Re6+ 43. Kc7
Re7+ 44. Kb6 1-0

[Event "RUS-chT blitz"]
[Site "Sochi"]
[Date "2015.05.10"]
[Round "3.1"]
[White "Andreikin, Dmitry"]
[Black "Korobov, Anton"]
[Result "1-0"]
[WhiteElo "2723"]
[BlackElo "2708"]
[PlyCount "71"]
[EventDate "2015.05.10"]
[EventType "team-swiss (blitz)"]
[EventRounds "11"]
[EventCountry "RUS"]
[SourceTitle "CBM 166 Extra"]
[Source "ChessBase"]
[SourceDate "2015.06.18"]
[SourceVersion "1"]
[SourceVersionDate "2015.06.18"]
[SourceQuality "1"]
[WhiteTeam "Belorechensk Univ"]
[BlackTeam "Novosibirsk Sibir"]
[WhiteTeamCountry "RUS"]
[BlackTeamCountry "RUS"]

1. d4 Nf6 2. Bg5 e6 3. Nf3 c5 4. Nc3 Qb6 5. d5 Qxb2 6. Bxf6 gxf6 7. Ne4 f5 8.
Ned2 Bg7 9. Rb1 Qxa2 10. c4 exd5 11. e3 Nc6 12. cxd5 Qxd5 13. Bc4 Qd6 14. O-O
O-O 15. Qe2 a6 16. Rfd1 b5 17. Nf1 Qf6 18. Bd5 f4 19. exf4 Qxf4 20. Ng3 Rb8 21.
Nh5 Qh6 22. Nh4 Qg5 23. Rb3 Nd4 24. Rxd4 cxd4 25. f4 Qxd5 26. Rg3 d3 27. Qb2
Qc5+ 28. Kf1 f6 29. Rxg7+ Kh8 30. Nxf6 Rxf6 31. Qxf6 Qc1+ 32. Kf2 Qd2+ 33. Kg3
Qe1+ 34. Kh3 d6+ 35. f5 Qe3+ 36. g3 1-0

[Event "FIDE World Cup"]
[Site "Tromsoe"]
[Date "2013.08.25"]
[Round "5.3"]
[White "Andreikin, Dmitry"]
[Black "Svidler, Peter"]
[Result "1-0"]
[WhiteElo "2716"]
[BlackElo "2746"]
[Annotator "Ramirez Alvarez,Alejandro"]
[PlyCount "59"]
[EventDate "2013.08.11"]
[EventType "k.o."]
[EventRounds "7"]
[EventCountry "NOR"]
[SourceTitle "CBM 156"]
[Source "ChessBase"]
[SourceDate "2013.09.17"]
[SourceVersion "1"]
[SourceVersionDate "2013.09.17"]
[SourceQuality "1"]

1. d4 Nf6 2. Bg5 e6 3. Nd2 {It's hard to say that this move can possibly
promise White any kind of advantage. However it is playable and White isn't
worse yet.} h6 4. Bh4 c5 5. e3 Be7 6. c3 b6 7. Ngf3 Ba6 $2 {A very hard move
to understand. Black could always play this after castling short, which is
where he has to castle anyways, after which it is almost a guarantee that
White will develop his light-squared bishop. If this is the case, then why not
wait for the development and win a tempo by playing ...Ba6 on the next move?}
8. Bxf6 Bxf6 9. Bxa6 Nxa6 10. Ne4 cxd4 11. Nxf6+ $6 {Also difficult to
understand. The knight had more potential than the bishop in this position, so
why trade it off in such a hurry? The combination of rapid time controls and
extreme fatigue from the long tournament results in many mistakes.} Qxf6 12.
cxd4 Qe7 13. O-O O-O 14. Qa4 Nc7 15. Rac1 Nd5 16. Ne5 d6 17. Nd3 Rfc8 18. h3
Qb7 {Black has been given enough time to consolidate. White doesn't hold an
advantage anymore.} 19. Qa3 Qd7 20. Qa6 f5 $6 {A strange decision from any
point of view. Black has no reason to try too hard to win as White holds some
very small pressure on the queenside that cannot be ignored. So why weaken the
kingside/center on top of that?} (20... Ne7 $1 21. g3 {(or any random move
that White makes, there isn't much to do in the position)} Rxc1 22. Rxc1 Rc8
23. Rxc8+ Nxc8 $11 {and the game will surely end in a draw.}) 21. Rfe1 Kf7 22.
Nf4 Nb4 $6 {It is possible that this move is not that bad, but with the clock
ticking and with so much on the line there is absolutely no reason to go
munching a pawn on a2 and stranding Black's own knight.} 23. Qe2 Nxa2 24. Rxc8
Rxc8 25. e4 {Unsurprisingly this central break puts a lot of pressure on the
black position. Black is still holding but now has to be very careful.} Nb4 26.
exf5 exf5 27. Qf3 a5 $6 (27... d5 $1 {trying to give back material as soon as
possible for simplifications would have allowed Black to still be close to
equal.}) 28. Re6 {Now the pressure intensifies.} Kg8 29. Qg3 $1 Nd5 $2 {
Losing with no resistance. However already Black's position was very perilous.}
30. Qb3 $1 {The knight cannot move, and is thus lost. A simple but fatal
tactic.} (30. Qb3 Nxf4 31. Re7+ $18) 1-0

[Event "Minsk op"]
[Site "Minsk"]
[Date "2008.07.15"]
[Round "6"]
[White "Andreikin, Dmitry"]
[Black "Kalegin, Evgenij"]
[Result "1-0"]
[WhiteElo "2580"]
[BlackElo "2510"]
[PlyCount "185"]
[EventDate "2008.07.10"]
[EventType "swiss"]
[EventRounds "9"]
[EventCountry "BLR"]
[SourceTitle "CBM 125 Extra"]
[Source "ChessBase"]
[SourceDate "2008.09.01"]
[SourceVersion "1"]
[SourceVersionDate "2008.09.01"]
[SourceQuality "1"]

1. d4 Nf6 2. Bg5 e6 3. c3 h6 4. Bh4 b6 5. Nd2 Bb7 6. f3 d5 7. e4 dxe4 8. fxe4
g5 9. Bg3 Nxe4 10. Nxe4 Bxe4 11. Nf3 Nd7 12. Bc4 Bd6 13. Qe2 Bxf3 14. Qxf3 O-O
15. O-O-O Qf6 16. Qc6 Qe7 17. Rdf1 Kg7 18. Qe4 Rae8 19. Be5+ Bxe5 20. dxe5 f5
21. exf6+ Nxf6 22. Qe2 Qd6 23. h4 g4 24. h5 e5 25. Rf5 e4 26. Rd1 Qg3 27. Kb1
Re5 28. Qf1 Re7 29. a3 c6 30. Rf4 e3 31. Rdd4 e2 32. Bxe2 Qe3 33. Rxf6 Rxf6 34.
Rxg4+ Kf7 35. Bc4+ Ree6 36. Qd1 Ke7 37. Rg7+ Rf7 38. Rxf7+ Kxf7 39. Qg4 Ke7 40.
Bxe6 Qxe6 41. Qg7+ Kd6 42. Qd4+ Kc7 43. Qf4+ Kd7 44. g4 Qe1+ 45. Kc2 Qh1 46.
Qf7+ Kd6 47. Qf6+ Kd5 48. Qf5+ Kd6 49. Qd3+ Ke6 50. Qe3+ Kf7 51. Qf4+ Kg7 52.
Qe5+ Kf7 53. Qf5+ Ke7 54. Qh7+ Ke8 55. Qg8+ Ke7 56. Qg7+ Ke8 57. Qxh6 Qe4+ 58.
Kd2 Qg2+ 59. Kd3 Qf1+ 60. Ke4 Qg2+ 61. Kf5 Qd5+ 62. Kg6 Qf7+ 63. Kg5 Qd5+ 64.
Kh4 Qh1+ 65. Kg3 Qg1+ 66. Kf3 Qf1+ 67. Ke4 Qg2+ 68. Ke3 Qg3+ 69. Kd2 Qg2+ 70.
Kd3 Qf1+ 71. Kc2 Qg2+ 72. Qd2 Qxg4 73. Qe1+ Kf8 74. Qh1 Qf5+ 75. Kc1 Qg5+ 76.
Kb1 Qf5+ 77. Ka1 Qf6 78. Qg1 Qf4 79. Qh1 Qf6 80. Qg2 Kf7 81. a4 Qh6 82. Qg4 Qd6
83. Qc4+ Kg7 84. Qd4+ Qxd4 85. cxd4 Kh6 86. Ka2 Kxh5 87. Kb3 Kg4 88. Kc4 Kf5
89. d5 a6 90. dxc6 Ke6 91. b4 Kd6 92. b5 axb5+ 93. axb5 1-0

[Event "Wch Blitz 7th"]
[Site "Khanty-Mansiysk"]
[Date "2013.06.10"]
[Round "21"]
[White "Andreikin, Dmitry"]
[Black "Moiseenko, Alexander"]
[Result "1-0"]
[WhiteElo "2713"]
[BlackElo "2711"]
[PlyCount "57"]
[EventDate "2013.06.09"]
[EventType "swiss (blitz)"]
[EventRounds "30"]
[EventCountry "RUS"]
[SourceTitle "CBM 154 Extra"]
[Source "ChessBase"]
[SourceDate "2013.06.25"]
[SourceVersion "2"]
[SourceVersionDate "2013.06.25"]
[SourceQuality "1"]

1. d4 Nf6 2. Bg5 e6 3. e3 d5 4. Nd2 Be7 5. c3 h6 6. Bh4 O-O 7. Bd3 b6 8. Qe2
Bb7 9. f4 Ne4 10. Bxe7 Qxe7 11. Ngf3 Nd7 12. g4 c5 13. Rg1 cxd4 14. exd4 Nxd2
15. Kxd2 Nf6 16. g5 Ne4+ 17. Bxe4 dxe4 18. Ne5 hxg5 19. fxg5 g6 20. Raf1 b5 21.
Rf6 b4 22. Nxg6 bxc3+ 23. bxc3 e3+ 24. Qxe3 fxg6 25. Rxg6+ Kf7 26. Rf6+ Kg7 27.
Qe5 Qa3 28. Rh6+ Kf7 29. Qxe6+ 1-0

[Event "ICC op final"]
[Site "ICC INT"]
[Date "2016.06.05"]
[Round "2"]
[White "Andreikin, Dmitry"]
[Black "Perez Ponsa, Federico"]
[Result "1-0"]
[WhiteElo "2743"]
[BlackElo "2586"]
[PlyCount "93"]
[EventDate "2016.06.05"]
[EventType "k.o. (blitz)"]
[EventRounds "3"]
[EventCountry "USA"]
[SourceTitle "CBM 172 Extra"]
[Source "ChessBase"]
[SourceDate "2016.06.21"]
[SourceVersion "1"]
[SourceVersionDate "2016.06.21"]
[SourceQuality "1"]

1. d4 Nf6 2. Bg5 e6 3. Nd2 h6 4. Bh4 c5 5. e3 cxd4 6. exd4 Qb6 7. Nc4 Qc7 8. c3
d5 9. Ne5 Be7 10. Bd3 Nc6 11. Ngf3 Nd7 12. Bg3 Bd6 13. Nxd7 Qxd7 14. O-O Bxg3
15. fxg3 Qc7 16. Nh4 Bd7 17. Qh5 O-O 18. g4 e5 19. g5 Qd6 20. gxh6 Qxh6 21.
Qxh6 gxh6 22. dxe5 Nxe5 23. Bf5 Bb5 24. Rf4 Rfe8 25. h3 Re7 26. Bc2 Bd7 27. Rd1
Be6 28. Re1 Bd7 29. Rd1 Be6 30. Re1 Bd7 31. Kf2 Rae8 32. Nf3 Kg7 33. Nxe5 Rxe5
34. Rxe5 Rxe5 35. Rd4 Kf6 36. Bd1 Be6 37. Bf3 Ke7 38. Rh4 d4 39. Rxd4 Bxa2 40.
Ra4 Bd5 41. Rxa7 Rf5 42. Ra5 Ke6 43. Ke3 b6 44. Rxd5 Rxd5 45. Bxd5+ Kxd5 46. b3
b5 47. g4 1-0

[Event "RUS-ch blitz"]
[Site "Sochi"]
[Date "2016.10.04"]
[Round "10.3"]
[White "Andreikin, Dmitry"]
[Black "Khismatullin, Denis Rimovich"]
[Result "1-0"]
[WhiteElo "2736"]
[BlackElo "2617"]
[PlyCount "54"]
[EventDate "2016.10.04"]
[EventType "swiss (blitz)"]
[EventRounds "22"]
[EventCountry "RUS"]
[SourceTitle "EXT 2017"]
[Source "ChessBase"]
[SourceDate "2016.10.25"]
[SourceVersion "1"]
[SourceVersionDate "2016.10.25"]
[SourceQuality "1"]

1. d4 Nf6 2. Bg5 g6 3. Nd2 d5 4. e3 Bg7 5. h3 O-O 6. c3 b6 7. Ngf3 Bb7 8. Bd3
c5 9. O-O Nbd7 10. Bf4 Rc8 11. a4 a6 12. Qe2 a5 13. Bb5 Re8 14. Ne5 e6 15. Bg5
Qc7 16. Bxf6 Nxf6 17. Bxe8 Rxe8 18. Rfc1 Qd6 19. Qb5 Ra8 20. b4 cxd4 21. cxd4
Qxb4 22. Qxb4 axb4 23. Rc7 Ba6 24. Rc6 Bf8 25. Rxb6 Ne8 26. Nd7 Be7 27. Nc5 Bc8
1-0

[Event "RUS-ch blitz"]
[Site "Sochi"]
[Date "2017.10.02"]
[Round "16"]
[White "Andreikin, Dmitry"]
[Black "Jakovenko, Dmitrij"]
[Result "1-0"]
[WhiteElo "2708"]
[BlackElo "2710"]
[PlyCount "53"]
[EventDate "2017.10.02"]
[EventType "swiss (blitz)"]
[EventRounds "20"]
[EventCountry "RUS"]
[SourceTitle "EXT 2018"]
[Source "ChessBase"]
[SourceDate "2017.10.13"]
[SourceVersion "1"]
[SourceVersionDate "2017.10.13"]
[SourceQuality "1"]

1. d4 Nf6 2. Bg5 d5 3. Nd2 c5 4. dxc5 e6 5. b4 a5 6. a3 b6 7. e4 bxc5 8. exd5
Qxd5 9. Ngf3 cxb4 10. Bc4 Qd8 11. O-O bxa3 12. Ne5 Be7 13. Qf3 Ra7 14. Rxa3
Bxa3 15. Qxa3 Qe7 16. Qg3 h6 17. Be3 O-O 18. Bxh6 Ne8 19. Bg5 Qc7 20. Bf4 Qe7
21. Bd3 Ba6 22. c4 Nf6 23. Qh4 Nbd7 24. Bg5 Rd8 25. Ne4 Nxe5 26. Nxf6+ gxf6 27.
Qh7+ 1-0

[Event "EU-ch 12th"]
[Site "Aix les Bains"]
[Date "2011.03.28"]
[Round "7"]
[White "Anisimov, Pavel"]
[Black "Aleksandrov, Aleksej"]
[Result "1-0"]
[WhiteElo "2532"]
[BlackElo "2638"]
[PlyCount "136"]
[EventDate "2011.03.22"]
[EventType "swiss"]
[EventRounds "11"]
[EventCountry "FRA"]
[SourceTitle "CBM 142 Extra"]
[Source "ChessBase"]
[SourceDate "2011.06.27"]
[SourceVersion "1"]
[SourceVersionDate "2011.06.27"]
[SourceQuality "1"]
[TimeControl "40/5400+30:1800+30"]

1. d4 Nf6 2. Bg5 d5 3. e3 (3. Bxf6 exf6 4. e3 Bd6 5. c4 dxc4 6. Bxc4 O-O 7. Nc3
c6 8. Nf3 f5 $11) 3... c5 4. Bxf6 gxf6 5. c4 cxd4 6. exd4 Nc6 (6... Qb6 $5) 7.
Nc3 dxc4 (7... Be6 $132 {[%cal Gd5c4]}) 8. d5 (8. Nf3 Bg4 (8... Bg7)) 8... Ne5
9. Bxc4 Nxc4 (9... Bd7 {[%cal Ge5c4]}) 10. Qa4+ Bd7 11. Qxc4 Rg8 $132 12. Qe4
$6 f5 $1 13. Qf3 Qb6 14. Nge2 O-O-O $17 15. O-O e5 16. Rac1 Kb8 17. d6 $6 Bxd6
(17... Bc6 $40 {[%csl Rf3,Rg1,Rg2]} 18. Nd5 Bxd6) 18. Nd5 Qxb2 (18... Bc6) 19.
Nec3 e4 20. Qh5 Be6 21. g3 Be5 22. Rb1 Qa3 23. Nb5 Qf3 24. Qxf3 exf3 25. Nb4
Bc4 $2 (25... a5 $1 $19 26. Na6+ bxa6 27. Nd4+) 26. Nc6+ bxc6 27. Nd6+ Bb5 28.
Nxb5 Ka8 29. Rfe1 Bb8 30. Nc3 Rge8 31. Rxe8 Rxe8 32. Kf1 Bc7 33. Nd1 Re2 34.
Rb2 Re4 35. Rb3 Ba5 36. Ne3 f4 37. gxf4 Rxf4 38. Kg1 c5 39. h3 c4 40. Rb5 Bd2
41. Nd5 a6 42. Rc5 Rd4 43. Nb6+ Kb7 44. Rxc4 Rd6 45. Na4 Rc6 46. Nc5+ Kc8 47.
Rd4 Bc3 48. Rd5 Rg6+ 49. Kh1 a5 50. Nd3 Kc7 51. Ne5 Rh6 $2 (51... Bxe5) 52.
Rc5+ Kb6 53. Rxc3 Rxh3+ 54. Kg1 Kb5 55. Nxf3 Rh5 56. Rb3+ Kc5 57. Kf1 a4 58.
Rd3 Rh1+ 59. Ke2 Ra1 60. a3 h5 61. Ne5 f6 62. Nd7+ Kc4 63. Nb6+ Kb5 64. Nd5 h4
65. Nxf6 Ra2+ 66. Kf3 Rb2 67. Ne4 Kc4 68. Re3 Kd4 {Suite illisible et gain
Blanc au ...90 ème coup!} 1-0